Informácie a komunikácia v podniku

Informácie napomáhajú koncipovaniu stratégie, uskutočňovaniu zmien, prinášajú nové pohľady, napomáhajú orientovať sa v spleti trendov, zabezpečujú vhodnú databázu. Informačná, resp. znalostná spoločnosť si vyžaduje počítačovú gramotnosť. Treba sa vedieť v informáciách orientovať, vedieť s nimi praco...

Descrizione completa

Salvato in:
Dettagli Bibliografici
Autore principale: Záležáková, Eliška
Natura: Capitolo di libro
Lingua:slovacco
Soggetti:
Tags: Aggiungi Tag
Nessun Tag, puoi essere il primo ad aggiungerne!!

MARC

LEADER 00000nla a2200000 4500
001 0184826
005 20240502073153.5
041 0 |a slo 
044 |a SK 
245 1 0 |a Informácie a komunikácia v podniku  |c Eliška Záležáková 
520 |a Informácie napomáhajú koncipovaniu stratégie, uskutočňovaniu zmien, prinášajú nové pohľady, napomáhajú orientovať sa v spleti trendov, zabezpečujú vhodnú databázu. Informačná, resp. znalostná spoločnosť si vyžaduje počítačovú gramotnosť. Treba sa vedieť v informáciách orientovať, vedieť s nimi pracovať a premieňať ich na vedomosti. S informáciami úzko súvisí komunikácia, spolu tvoria komunikačný proces podniku. 
610 2 0 |a informácie 
610 2 0 |a spoločnosť vedomostná 
610 2 0 |a spoločnosť informačná 
610 2 0 |a komunikácia 
610 2 0 |a podnik 
100 1 |a Záležáková, Eliška